000 00536nam a22001937a 4500
003 KOHA_MİRAKIL
005 20251022124750.0
008 251022b tu ||||| |||| 00| 0 tur d
020 _a9786057440129
040 _aTR-AnABB
_btur
_cTR-AnABB
041 _atur
082 _a828.3354
_bREİ 2022
100 1 _aReid, Kiley,
245 1 0 _aNe eğlenceli çağ /
_cKiley Reıd
260 _aİstanbul :
_bAprıl Yayıncılık,
_c2022
300 _a314 sayfa ;
_c21 cm
650 0 4 _aAmerikan edebiyatı, roman
942 _2ddc
_cBK
999 _c9177
_d9177
900 _bGizem YORULMAZ